Top 50 biggest Cities in Sweden - Statistics

General Stats
  • This quiz has been taken 113 times
  • The average score is 25 of 50
Answer Stats
Answer Population % Correct
Malmö 261,548
100%
Stockholm 1,253,309
100%
Uppsala 127,734
92%
Göteborg 504,084
91%
Linköping 96,732
87%
Norrköping 82,903
86%
Helsingborg 91,025
83%
Örebro 98,573
83%
Umeå 74,005
83%
Jönköping 83,202
81%
Västerås 107,194
79%
Lund 76,263
74%
Gävle 68,635
69%
Luleå 45,551
69%
Växjö 59,600
68%
Kalmar 34,744
67%
Borås 63,223
65%
Karlstad 59,266
63%
Sundsvall 48,463
62%
Eskilstuna 59,016
59%
Östersund 42,940
58%
Södertälje 60,279
56%
Halmstad 55,657
55%
Karlskrona 32,309
46%
Skellefteå 30,839
45%
Solna 66,909
45%
Falun 36,477
44%
Trollhättan 44,522
42%
Kristianstad 32,188
41%
Nyköping 27,582
40%
Borlänge 39,422
37%
Skövde 33,119
33%
Örnsköldsvik 27,749
32%
Sollentuna 58,897
32%
Upplands Väsby 36,534
29%
Huddinge 90,182
28%
Landskrona 27,889
28%
Motala 29,715
28%
Täby 58,123
28%
Uddevalla 30,282
27%
Lidingö 43,000
23%
Bromma 61,000
22%
Mölndal 59,430
21%
Sundbyberg 34,529
21%
Haninge 74,968
17%
Kista 120,000
15%
Partille 28,648
13%
Tumba 35,780
13%
Östermalm 36,418
6%
Majorna 29,254
5%
No matching quizzes found
Score Distribution
Percent of People with Each Score
Percentile by Number Answered
Your Score History
You have not taken this quiz